1ο Διεθνές Συμπόσιο : Βιομηχανικές περιοχές : προβλήματα και προοπτικές = 1st International Symposium : Industrial areas problems and perspectives Πρακτικά

Saved in:
Bibliographic Details
Corporate Authors: Διεθνές Συμπόσιο, Πανεπιστήμιο Αιγαίου, Ελληνική Τράπεζα Βιομηχανικής Ανάπτυξης
Other Authors: Καρκαζής, Γιάννης (Editor), Μπαμπανάσης, Στέργιος, 1935- (Editor), Κοκκώσης, Χαράλαμπος 1950- (Editor)
Format: Book
Language:Greek
English
Published: Χίος : Πανεπιστήμιο Αιγαίου, 1993
Subjects:
Tags: Add Tag
No Tags, Be the first to tag this record!

MARC

LEADER 00000nam a2200000 i 4500
001 1/82906
008 990527s1993 gre d
035 |l 10051207 
040 |a GR-MY-UA  |b gre  |e aacr 
041 0 |a gre  |h eng 
082 0 |a 658.4033 
110 2 |a Διεθνές Συμπόσιο. 
245 1 0 |a 1ο Διεθνές Συμπόσιο :  |b Βιομηχανικές περιοχές : προβλήματα και προοπτικές = 1st International Symposium : Industrial areas problems and perspectives /  |c Ι. Καρκαζής, Σ. Μπαμπανάσης, Χ. Κοκκώσης ; Πανεπιστήμιο Αιγαίου, Ελληνική Τράπεζα Βιομηχανικής Αναπτύξεως.  |n Πρακτικά 
260 |a Χίος :   |b Πανεπιστήμιο Αιγαίου,   |c 1993 
300 |a iii, 119 σ. 
650 0 0 |a Industrial location  |x Environmental aspects. 
650 0 0 |a Industrial location  |x Mathematical models. 
650 0 0 |a Regional planning. 
650 0 0 |a Operations research. 
700 1 |a Καρκαζής, Γιάννης.  |4 edt 
700 1 |4 edt  |a Μπαμπανάσης, Στέργιος,   |d 1935- 
700 1 |4 edt  |a Κοκκώσης, Χαράλαμπος  |d 1950- 
710 2 |a Πανεπιστήμιο Αιγαίου. 
710 2 |a Ελληνική Τράπεζα Βιομηχανικής Ανάπτυξης. 
852 |a INST  |b CHIOS  |e 19990527  |h 658.4033 ΔΙΕ  |p 005200014310  |q 005200014310  |t BK  |y 0 
901 |a BIBL2-1999-2 
909 |a Χ  |b 055827 
922 |a 2ΔΩΡ  |b 199402  |d ΚΑΡΚΑΖΗΣ